Legislation on water user's organizations: A comparative analysis

Gorde:
Xehetasun bibliografikoak
Egile nagusia: Stephen Hodgson
Formatua: Liburua
Hizkuntza:Undetermined
Argitaratua: Rome, Italy FAO 2003
Gaiak:
Etiketak: Etiketa erantsi
Etiketarik gabe, Izan zaitez lehena erregistro honi etiketa jartzen!
Thư viện lưu trữ: Trung tâm Học liệu Trường Đại học Cần Thơ
LEADER 00573nam a2200193Ia 4500
001 CTU_59787
008 210402s9999 xx 000 0 und d
082 |a 346.04691 
082 |b H688 
100 |a Stephen Hodgson 
245 0 |a Legislation on water user's organizations: A comparative analysis 
245 0 |c Stephen Hodgson 
260 |a Rome, Italy 
260 |b FAO 
260 |c 2003 
650 |a natural resources,water resources 
650 |x law and legislation,law and legislation 
904 |i Minh 
980 |a Trung tâm Học liệu Trường Đại học Cần Thơ